00807nam a2200217 a 450000100100000000500170001000800410002702000150006804000250008308200130010810000340012124500860015526000360024130000210027749000270029850400320032550000700035783000340042795201110046199900170057200004264420201002040309.0140203s1994 ag 000 0 spa d a9507424458 aDO-SdBNPbspacBNPHU axxxbxxx1 aJuvenal, Carlosd1943-96992110aBuenos muchachos :bLa industria del secuestro en la Argentina /cCarlos Juvenal. aBuenos Aires :bPlaneta,c1994. a340 p. ;c23 cm.1 aEspejo de la Argentina aBibliografía : p. 321-323 aIncluye datos biográficos del autor en la solapa de la cubierta 0aEspejo de la Argentina969662 001050718MOaGRbGRcCTd2014-02-03iLF1l0oxxx xxxp42644-10r2020-06-25w2020-06-25y1ZNo se presta c42133d42133